Statistics for Uninhabited Overseas Territories

Click here to take the quiz!

General Stats

  • This quiz has been taken 137 times
  • The average score is 19 of 28

Answer Stats

CountryTerritory% Correct
United StatesBaker Island
82%
United StatesMidway Islands
82%
UKSouth Georgia and South Sandwich Islands
80%
UK British Antarctic Territory
79%
FranceClipperton Island
79%
NorwayJan Mayen
78%
United StatesWake Island
78%
UKBritish Indian Ocean Territory
76%
AustraliaHeard Island and McDonald Islands
75%
NorwayBouvet Island
74%
FranceFrench Southern and Antarctic Lands
74%
United StatesJarvis Island
73%
United StatesPalmyra Atoll
73%
United StatesNavassa Island
72%
Australia Australian Antarctic Territory
71%
United StatesHowland Island
71%
AustraliaAshmore and Cartier Islands
69%
AustraliaCoral Sea Islands Territory
69%
United StatesJohnston Atoll
69%
United StatesKingman Reef
69%
Norway Queen Maud Land
68%
Chile Chilean Antarctic Territory
62%
NorwayPeter I Island
60%
New ZealandRoss Dependency
59%
Argentina Argentine Antarctica
58%
New ZealandThree Kings Islands
52%
New ZealandKermadec Islands
47%
New ZealandNew Zealand Subantarctic Islands
47%

Score Distribution

Percentile by Number Answered

Percent of People with Each Score

Your Score History

You have not taken this quiz